00394nam a22001457a 4500003000400000005001700004008004100021020001500062050002600077082002800103245002900131260006100160300002100221562000600242OSt20140310181755.0121205t xxu||||| |||| 00| 0 eng d a971118107X aPL 6165.4b.M491 2002 aFIL 899.2113 bM46 2002 aMoog /cB.S. Medina, Jr. aManila, Philippines:bDe La Salle University Pressc2002 a167 p. :c19 cm. e1